| 000 | 00723nam a2200217 i 4500 | ||
|---|---|---|---|
| 001 | 134830 | ||
| 003 | ES-MaACL | ||
| 005 | 20230906194743.0 | ||
| 007 | t| | ||
| 008 | 070629s1973 sp ||||1| spa d | ||
| 080 | _a621.315(02) | ||
| 100 | 1 |
_aThompson, Francis George. _9110083 |
|
| 245 | 1 | 0 |
_aInstalaciones eléctricas y técnicas de taller / _cF.G. Thompson ; traducido por Rafael Casado Morales y Daniel Santano y León. |
| 260 |
_aMadrid : _bParaninfo, _c1973. |
||
| 300 |
_a2 v. : _bil. ; _c21 cm. |
||
| 650 |
_aInstalaciones eléctricas. _913826 |
||
| 700 | 1 |
_aCasado Morales, Rafael. _936021 |
|
| 700 | 1 |
_aSantano y León, Daniel. _9181683 |
|
| 852 |
_aES-MaACL _jC-55479-80 _bR.87726 |
||
| 999 |
_c134830 _d134830 |
||